000 00327nam a2200121Ia 4500
005 20251222154328.0
008 251222s9999||||xx |||||||||||||| ||spa||
020 _a978-607-17-0982-0
082 _a333.91/G35
100 _a"Geissler, GuntherArroyo, Maribel"
245 0 _aEl agua como un recurso natural renovable
942 _cLIB
999 _c34060
_d34060